| 000 | 00579nam a2200169 a 4500 | ||
|---|---|---|---|
| 001 | 000034238 | ||
| 005 | 20200930070908.0 | ||
| 008 | 091125s2001 dr b r 000 0 spa d | ||
| 020 | _a9993483605 | ||
| 040 |
_aDO-SdBNP _bspa _cBNPHU |
||
| 082 |
_axxxx _bxxxx |
||
| 245 | 0 | 0 |
_aGuía de Santo Domingo : _bcalles, barrios, ensanches, localizadores, servicios diversos del área metropolitana. |
| 260 |
_aSanto Domingo : _bMapas GAAR, _c2001. |
||
| 300 |
_a331 p. : _bil., maps. ; _c22 cm. |
||
| 500 | _aAtlas de mapas parciales al 2002- área urbana | ||
| 590 | _aInventariado, 2019/BT | ||
| 999 |
_c33729 _d33729 |
||